[Event "Open Portugal 2019"]
[Site "Lisboa POR"]
[Date "2019.02.04"]
[Round "4.113"]
[White "Florissi, Aldo"]
[Black "Cabaça, André"]
[Result "0-1"]
[WhiteElo "1468"]
[BlackElo "1705"]
[WhiteFideId "28513428"]
[BlackFideId "1923552"]
[WhiteCountry "ITA"]
[BlackCountry "POR"]
[PlyCount "86"]
[EventDate "2019.02.02"]

1. e4 c5 2. Bc4 e6 3. Nc3 Ne7 4. Nf3 Nbc6 5. O-O g6 6. d3 Bg7 7. Bf4 d6 8. Nb5
e5 9. Bg3 a6 10. Nc3 b5 11. Bd5 Nxd5 12. Nxd5 O-O 13. Bh4 f6 14. Qd2 Be6 15. c4
Bxd5 16. cxd5 Nd4 17. Nxd4 cxd4 18. Rac1 h5 19. f4 Bh6 20. Qb4 a5 21. Qxb5 Rb8
22. Qc6 Rxb2 23. Qc7 g5 24. fxg5 fxg5 25. Rxf8+ Qxf8 26. Rf1 Qg7 27. Qc8+ Kh7
28. Qf5+ Kh8 29. Qc8+ Qg8 30. Qe6 Qxe6 31. dxe6 gxh4 32. Rf7 Kg8 33. Rd7 Kf8 34.
Kf1 Rxa2 35. e7+ Ke8 36. Rxd6 Bf4 37. h3 Kxe7 38. Ra6 a4 39. Ra7+ Kd6 40. Ra5
Bg3 41. Rd5+ Kc6 42. Ra5 a3 43. Rc5+ Kxc5 0-1

[Event "Open Portugal 2019"]
[Site "Lisboa POR"]
[Date "2019.02.04"]
[Round "4.114"]
[White "Bártolo, Filipe"]
[Black "Amaral, Fernando"]
[Result "1-0"]
[WhiteElo "1666"]
[BlackElo "1528"]
[WhiteFideId "1942565"]
[BlackFideId "1931288"]
[WhiteCountry "POR"]
[BlackCountry "POR"]
[PlyCount "61"]
[EventDate "2019.02.02"]

1. e4 c5 2. Nf3 e6 3. d4 cxd4 4. Nxd4 a6 5. c4 Qc7 6. Bd3 Nf6 7. Be3 b6 8. O-O
Bb7 9. f3 Bd6 10. h3 Nh5 11. Ne2 Bh2+ 12. Kh1 Ng3+ 13. Nxg3 Qxg3 14. Qe1 Qxe1
15. Rxe1 Bc7 16. Nc3 Nc6 17. a3 Ne5 18. Be2 Bc6 19. Kg1 O-O 20. Na2 d5 21. cxd5
exd5 22. exd5 Bxd5 23. Nb4 Bb7 24. Rac1 Rac8 25. Nxa6 Bxa6 26. Bxa6 Ra8 27. Be2
Rac8 28. Ba6 Ra8 29. Bb7 Ra7 30. Rxc7 Rb8 31. Bxb6 1-0

[Event "Open Portugal 2019"]
[Site "Lisboa POR"]
[Date "2019.02.04"]
[Round "4.115"]
[White "Yushko, Igor"]
[Black "Paletta, Giuseppe"]
[Result "1/2-1/2"]
[WhiteElo "1389"]
[BlackElo "1620"]
[WhiteFideId "14156270"]
[BlackFideId "804185"]
[WhiteCountry "UKR"]
[BlackCountry "ITA"]
[PlyCount "106"]
[EventDate "2019.02.02"]

1. e4 b6 2. d4 Bb7 3. Nc3 e6 4. f3 d6 5. Bb5+ Nd7 6. Nge2 h5 7. O-O g6 8. d5 a6
9. dxe6 axb5 10. exd7+ Qxd7 11. Ng3 Bg7 12. Qd3 Ne7 13. Re1 b4 14. Nce2 O-O 15.
e5 Rfd8 16. exd6 Qxd6 17. Qxd6 Rxd6 18. Nf4 Kf8 19. Nd3 c5 20. Bf4 Rd5 21. Bc7
Nc8 22. Be5 Bxe5 23. Rxe5 Rxe5 24. Nxe5 Kg7 25. Ne2 Bd5 26. c4 bxc3 27. Nxc3 Be6
28. a3 Ne7 29. Rd1 Nf5 30. Nd7 Ra6 31. Nb8 Ra7 32. Nc6 Ra6 33. Nb8 Ra7 34. Nc6
Rd7 35. Rxd7 Bxd7 36. Ne5 Be8 37. Nd5 f6 38. Nd3 c4 39. N3b4 b5 40. Kf2 Kf7 41.
Nc7 Bd7 42. Nbd5 Nd6 43. Ke2 Bc6 44. Nb4 Bb7 45. Kd2 Ke7 46. Kc3 Kd7 47. Ncd5
Bxd5 48. Nxd5 f5 49. Kb4 g5 50. Nc3 Kc6 51. h3 f4 52. Ne2 Kb6 53. Nc3 Kc6
1/2-1/2

[Event "Open Portugal 2019"]
[Site "Lisboa POR"]
[Date "2019.02.04"]
[Round "4.116"]
[White "Gonçalves, Carlos"]
[Black "Pina, Tiago"]
[Result "0-1"]
[WhiteElo "1644"]
[BlackElo "1507"]
[WhiteFideId "1912879"]
[BlackFideId "1950673"]
[WhiteCountry "POR"]
[BlackCountry "POR"]
[PlyCount "108"]
[EventDate "2019.02.02"]

1. Nf3 d5 2. g3 Nf6 3. Bg2 c5 4. O-O Nc6 5. d3 e5 6. c3 Be7 7. Nbd2 Be6 8. Ng5
Bg4 9. h3 Bc8 10. a4 h6 11. Ngf3 O-O 12. e4 d4 13. c4 Be6 14. Re1 Bd6 15. Nh4
Qd7 16. Kh2 a6 17. Nf1 b5 18. b3 Rfc8 19. Qf3 Nb4 20. Qe2 bxc4 21. bxc4 Bxc4 22.
dxc4 d3 23. Qd1 Nc2 24. Be3 Bc7 25. Bd2 Rab8 26. Ne3 Nxe1 27. Qxe1 Rb2 28. Bf3
Rcb8 29. Qd1 Qd8 30. Qe1 Qd7 31. Nhf5 Qd8 32. Nd1 R2b3 33. Nfe3 g6 34. Nc3 Ba5
35. Ned5 Nxd5 36. exd5 Qe7 37. Be4 Rb2 38. Bxd3 R8b3 39. Rc1 e4 40. Bc2 Ra3 41.
Nxe4 Bxd2 42. Qxd2 Qxe4 43. d6 Qe8 44. Qxh6 Raa2 45. Qd2 Qd7 46. Qd3 Kf8 47. Qc3
Kg8 48. Qd3 Kf8 49. h4 Qf5 50. Qe3 Rxc2 51. Rxc2 Rxc2 52. Qh6+ Kg8 53. d7 Qxf2+
54. Kh3 Qf5+ 0-1

[Event "Open Portugal 2019"]
[Site "Lisboa POR"]
[Date "2019.02.04"]
[Round "4.117"]
[White "Javet, Blaise"]
[Black "Paragliola, Gennaro"]
[Result "1-0"]
[WhiteElo "2027"]
[BlackElo "1350"]
[WhiteFideId "1305026"]
[BlackFideId "804207"]
[WhiteCountry "SUI"]
[BlackCountry "ITA"]
[PlyCount "43"]
[EventDate "2019.02.02"]

1. e4 d6 2. d4 g6 3. f4 Bg7 4. Nf3 Nf6 5. Nc3 Nbd7 6. Bc4 O-O 7. O-O Nxe4 8.
Nxe4 d5 9. Bxd5 Nb6 10. Bb3 Nd5 11. c4 Nf6 12. Nxf6+ Bxf6 13. Ne5 c6 14. Be3 Qc7
15. c5 b5 16. cxb6 axb6 17. Qc2 Bb7 18. Rac1 Rfc8 19. Bxf7+ Kg7 20. Bb3 Qd6 21.
Qf2 Bxe5 22. fxe5 1-0

[Event "Open Portugal 2019"]
[Site "Lisboa POR"]
[Date "2019.02.04"]
[Round "4.118"]
[White "Martins, Domingos"]
[Black "Rego, João Rui"]
[Result "0-1"]
[WhiteElo "1360"]
[BlackElo "1761"]
[WhiteFideId "1947389"]
[BlackFideId "1934465"]
[WhiteCountry "POR"]
[BlackCountry "POR"]
[PlyCount "78"]
[EventDate "2019.02.02"]

1. d4 d5 2. Nf3 Nf6 3. c3 e6 4. Bf4 Bd6 5. Bg3 Bxg3 6. hxg3 b6 7. e3 Bb7 8. Nbd2
Nbd7 9. Ne5 Nxe5 10. dxe5 Nd7 11. Nf3 c6 12. Qc2 h6 13. Bd3 Qc7 14. Ng5 Nxe5 15.
f4 Nxd3+ 16. Qxd3 O-O-O 17. O-O-O hxg5 18. g4 gxf4 19. Kb1 c5 20. Rdf1 Rxh1 21.
Rxh1 Qe5 22. exf4 Qe4 23. Qc2 Ba6 24. Rd1 Qxc2+ 25. Kxc2 Rh8 26. f5 Rh2 27. Rd2
Rh4 28. fxe6 fxe6 29. g5 Rf4 30. g3 Rf5 31. g6 Rf6 32. a3 Rxg6 33. b4 cxb4 34.
axb4 Rxg3 35. Kb3 Bc4+ 36. Ka3 Rxc3+ 37. Kb2 Re3 38. Rc2 Re2 39. Rxe2 Bxe2 0-1

[Event "Open Portugal 2019"]
[Site "Lisboa POR"]
[Date "2019.02.04"]
[Round "4.119"]
[White "Maissa, Susana"]
[Black "Barros, Luís"]
[Result "0-1"]
[WhiteElo "1293"]
[BlackElo "1751"]
[WhiteFideId "1954202"]
[BlackFideId "23600110"]
[WhiteCountry "POR"]
[BlackCountry "CPV"]
[PlyCount "66"]
[EventDate "2019.02.02"]

1. Nf3 c5 2. b3 d6 3. Bb2 e5 4. d3 Nc6 5. e3 Nf6 6. Be2 g6 7. O-O Bg7 8. Nbd2
O-O 9. Ng5 Nd5 10. Nde4 b5 11. c4 Nc7 12. cxb5 Nxb5 13. Nf3 f5 14. Ned2 Rb8 15.
Qc1 Qe7 16. Nc4 d5 17. Ncd2 e4 18. Bxg7 Kxg7 19. Qb2+ Kg8 20. Ne1 d4 21. Nc4 Nc3
22. Bd1 Nb4 23. dxe4 fxe4 24. a3 Nbd5 25. Na5 Qf6 26. Nc4 Ba6 27. Qd2 Rbd8 28.
exd4 cxd4 29. f3 Bxc4 30. bxc4 Ne3 31. Be2 Nxf1 32. Bxf1 e3 33. Bd3 exd2 0-1

[Event "Open Portugal 2019"]
[Site "Lisboa POR"]
[Date "2019.02.04"]
[Round "4.120"]
[White "Dias, José"]
[Black "Fonseca, René Gil"]
[Result "1-0"]
[WhiteElo "1560"]
[BlackElo "1343"]
[WhiteFideId "1923943"]
[BlackFideId "1957767"]
[WhiteCountry "POR"]
[BlackCountry "POR"]
[PlyCount "75"]
[EventDate "2019.02.02"]

1. Nf3 Nf6 2. g3 d5 3. Bg2 Bg4 4. O-O e6 5. d3 Be7 6. Nbd2 O-O 7. b3 c5 8. Bb2
Nc6 9. h3 Bxf3 10. Nxf3 d4 11. a3 Rc8 12. e4 e5 13. Bc1 Nd7 14. Nh2 Bg5 15. f4
exf4 16. gxf4 Bh6 17. Ng4 Qh4 18. Bd2 Qh5 19. Qf3 f5 20. Nxh6+ Qxh6 21. e5 Kh8
22. Rf2 Rfe8 23. Re1 Nf8 24. Qg3 Qg6 25. Qh2 Ne7 26. Kh1 b6 27. Rg1 Qf7 28. Qg3
Nfg6 29. h4 h5 30. Qg5 Nf8 31. Bb7 Nh7 32. Qg3 Rc7 33. Ba6 Qd5+ 34. Kh2 Ng6 35.
Qxg6 Re6 36. Qg3 Qc6 37. Bc4 Rg6 38. Qxg6 1-0

[Event "Open Portugal 2019"]
[Site "Lisboa POR"]
[Date "2019.02.04"]
[Round "4.121"]
[White "Lages, Duarte"]
[Black "Martinho, Alberto"]
[Result "1-0"]
[WhiteElo "1558"]
[BlackElo "1237"]
[WhiteFideId "2161680"]
[BlackFideId "1948784"]
[WhiteCountry "POR"]
[BlackCountry "POR"]
[PlyCount "67"]
[EventDate "2019.02.02"]

1. d4 d5 2. c4 Nf6 3. cxd5 Nxd5 4. Nf3 Bg4 5. Ne5 Bh5 6. Qb3 Nb6 7. e3 f6 8. Nd3
Nc6 9. Nc3 Bf7 10. Qd1 e6 11. Be2 Bd6 12. O-O a6 13. Ne4 f5 14. Nec5 Rb8 15. Qc2
O-O 16. Nxb7 Rxb7 17. Qxc6 Rb8 18. Nc5 Ra8 19. Bf3 Be8 20. Qb7 a5 21. Nxe6 Qb8
22. Nxf8 Kxf8 23. Qxb8 Rxb8 24. e4 fxe4 25. Bxe4 Kg8 26. b3 Bf7 27. Bc6 Rd8 28.
Bg5 Rf8 29. Bd2 Nc8 30. Bxa5 Ne7 31. Bf3 Nf5 32. Rfd1 h5 33. Rac1 Ra8 34. Bxa8
1-0

[Event "Open Portugal 2019"]
[Site "Lisboa POR"]
[Date "2019.02.04"]
[Round "4.122"]
[White "Marques, Gilles"]
[Black "Bártolo, Diogo"]
[Result "1-0"]
[WhiteElo "1545"]
[BlackElo "1226"]
[WhiteFideId "665517"]
[BlackFideId "1946757"]
[WhiteCountry "FRA"]
[BlackCountry "POR"]
[PlyCount "105"]
[EventDate "2019.02.02"]

1. d4 Nf6 2. c4 c5 3. d5 d6 4. Nc3 h6 5. e4 e5 6. dxe6 Bxe6 7. Be2 Nc6 8. Nf3
Ng4 9. O-O Nge5 10. Nd5 Nxf3+ 11. Bxf3 Ne5 12. Be2 h5 13. Nf4 Bxc4 14. Bxc4 Nxc4
15. Qa4+ Qd7 16. Qxc4 Rb8 17. a4 a5 18. Qb5 Qxb5 19. axb5 b6 20. b3 f6 21. Ng6
Rg8 22. Bf4 Rd8 23. Rfd1 Kf7 24. Nxf8 Rgxf8 25. Bxd6 Rfe8 26. Bc7 Rxd1+ 27. Rxd1
Rxe4 28. Bxb6 Rb4 29. Bxc5 Rxb5 30. Be3 Rxb3 31. Ra1 a4 32. h3 Rb4 33. Kf1 Ke6
34. Ke2 Kd5 35. Kd3 Rb3+ 36. Kc2 Rb4 37. Rb1 Rxb1 38. Kxb1 Kc4 39. Kb2 f5 40.
Ka3 Kb5 41. h4 g6 42. Bd2 Kc4 43. Kxa4 Kd3 44. Be3 Ke2 45. Kb4 Kf1 46. g3 Kg2
47. Kc4 Kf3 48. Kd5 Kg4 49. Ke5 Kf3 50. Kf6 f4 51. Bxf4 Kxf2 52. Kxg6 Kf3 53.
Kxh5 1-0

[Event "Open Portugal 2019"]
[Site "Lisboa POR"]
[Date "2019.02.04"]
[Round "4.123"]
[White "Dong, Fábio"]
[Black "Anfinsen, Marius"]
[Result "1-0"]
[WhiteElo "1491"]
[BlackElo "1113"]
[WhiteFideId "1958020"]
[BlackFideId "1546414"]
[WhiteCountry "POR"]
[BlackCountry "NOR"]
[PlyCount "63"]
[EventDate "2019.02.02"]

1. c4 e5 2. Nc3 Nc6 3. g3 Bc5 4. Bg2 a6 5. e3 Nge7 6. Nge2 Ba7 7. O-O d6 8. b3
O-O 9. Bb2 Rb8 10. Qc2 Bf5 11. d3 Nb4 12. Qd2 Nxd3 13. e4 Nxb2 14. exf5 Nxc4 15.
bxc4 Nxf5 16. Rab1 Re8 17. Rxb7 Rxb7 18. Bxb7 a5 19. Bg2 Qb8 20. Rb1 Bb6 21. Nd5
Bxf2+ 22. Kxf2 Qxb1 23. Nxc7 Qb6+ 24. Kf1 Qxc7 25. Bd5 Ne7 26. Nc3 Nxd5 27. Qxd5
Qc5 28. Qe4 Qd4 29. Qc2 e4 30. Qa4 Qd3+ 31. Kg2 Qxc3 32. Qxe8# 1-0

[Event "Open Portugal 2019"]
[Site "Lisboa POR"]
[Date "2019.02.05"]
[Round "5.1"]
[White "Motylev, Alexander"]
[Black "Xu, Xiangyu"]
[Result "1/2-1/2"]
[WhiteElo "2644"]
[BlackElo "2565"]
[WhiteFideId "4121830"]
[BlackFideId "8608288"]
[WhiteTitle "GM"]
[BlackTitle "GM"]
[WhiteCountry "RUS"]
[BlackCountry "CHN"]
[PlyCount "63"]
[EventDate "2019.??.??"]

1. e4 e5 2. Nf3 Nf6 3. d4 Nxe4 4. Bd3 Nc6 5. Nxe5 Nxe5 6. Bxe4 d5 7. dxe5 dxe4
8. Qxd8+ Kxd8 9. Nc3 Bf5 10. Be3 Kc8 11. O-O-O b6 12. Rd4 Bc5 13. Rc4 Bxe3+ 14.
fxe3 Kb7 15. Rf1 Bg6 16. Nd5 Rad8 17. Nxc7 Rc8 18. Nb5 Rxc4 19. Nd6+ Kc7 20.
Nxc4 Re8 21. a4 a6 22. h4 b5 23. axb5 axb5 24. Nd6 Rxe5 25. Nxf7 Rh5 26. Rf4 h6
27. g4 Rxh4 28. Ne5 Be8 29. Rf8 Kd8 30. Rg8 g5 31. Rg7 Rh3 32. Kd2 1/2-1/2

[Event "Open Portugal 2019"]
[Site "Lisboa POR"]
[Date "2019.02.05"]
[Round "5.2"]
[White "Stefansson, Hannes"]
[Black "Iturrizaga, Eduardo"]
[Result "1/2-1/2"]
[WhiteElo "2514"]
[BlackElo "2640"]
[WhiteFideId "2300087"]
[BlackFideId "3901211"]
[WhiteTitle "GM"]
[BlackTitle "GM"]
[WhiteCountry "ISL"]
[BlackCountry "VEN"]
[PlyCount "24"]
[EventDate "2019.??.??"]

1. e4 c5 2. Nf3 e6 3. d4 cxd4 4. Nxd4 Nc6 5. Nc3 Qc7 6. Be3 a6 7. a3 Be7 8. f4
b5 9. Nxc6 dxc6 10. e5 Nh6 11. Bd3 Bb7 12. Qf3 c5 1/2-1/2

[Event "Open Portugal 2019"]
[Site "Lisboa POR"]
[Date "2019.02.05"]
[Round "5.3"]
[White "Petrov, Nikita"]
[Black "Kadric, Denis"]
[Result "1/2-1/2"]
[WhiteElo "2585"]
[BlackElo "2545"]
[WhiteFideId "4101286"]
[BlackFideId "14403803"]
[WhiteTitle "GM"]
[BlackTitle "GM"]
[WhiteCountry "RUS"]
[BlackCountry "BIH"]
[PlyCount "123"]
[EventDate "2019.??.??"]

1. e4 d6 2. d4 g6 3. Nc3 a6 4. f4 b5 5. Nf3 Nd7 6. Be3 Bb7 7. Bd3 b4 8. Ne2 Ngf6
9. Ng3 Bg7 10. c3 a5 11. O-O O-O 12. Qe2 c5 13. Kh1 bxc3 14. bxc3 d5 15. e5 Ne4
16. Rfc1 Nxg3+ 17. hxg3 e6 18. Rab1 Rb8 19. dxc5 Qc7 20. c4 dxc4 21. Rxc4 Bd5
22. Rxb8 Rxb8 23. Rc1 Bf8 24. c6 Ba3 25. Rc3 Bb4 26. Rc1 Ba3 27. Rc3 Bb4 28. Rc2
Bxc6 29. Be4 Nc5 30. Bxc5 Bxe4 31. Qxe4 Bxc5 32. Qc4 Rc8 33. Qb5 Qa7 34. Ng5 Rc7
35. Ne4 Bf8 36. Nf6+ Kh8 37. Rxc7 Qxc7 38. Kh2 Qd8 39. Qc6 h5 40. Nd7 Bb4 41.
Nf6 Be7 42. Ne4 Kg7 43. Nd6 Qb8 44. Qd7 Qd8 45. Qc6 Qb8 46. a4 h4 47. gxh4 Bxh4
48. Qd7 Qf8 49. Ne8+ Kg8 50. Nf6+ Kg7 51. g3 Bxf6 52. exf6+ Kxf6 53. Qd4+ Ke7
54. Qc5+ Ke8 55. Qb5+ Ke7 56. Qc5+ Ke8 57. Qb5+ Ke7 58. Qxa5 Qh8+ 59. Kg2 Qb2+
60. Kh3 Qh8+ 61. Kg2 Qb2+ 62. Kh3 1/2-1/2

[Event "Open Portugal 2019"]
[Site "Lisboa POR"]
[Date "2019.02.05"]
[Round "5.5"]
[White "Yankelevich, Lev"]
[Black "Bernardskiy, Vitaliy"]
[Result "1/2-1/2"]
[WhiteElo "2445"]
[BlackElo "2570"]
[WhiteFideId "24684074"]
[BlackFideId "14100371"]
[WhiteTitle "IM"]
[BlackTitle "GM"]
[WhiteCountry "GER"]
[BlackCountry "UKR"]
[PlyCount "95"]
[EventDate "2019.??.??"]

1. d4 Nf6 2. c4 e6 3. g3 d5 4. Nf3 dxc4 5. Bg2 Nc6 6. Qa4 Bb4+ 7. Bd2 Nd5 8.
Bxb4 Ndxb4 9. Nc3 Bd7 10. O-O a5 11. Qd1 O-O 12. a4 Qe7 13. Nb5 e5 14. d5 e4 15.
dxc6 bxc6 16. Na3 exf3 17. Bxf3 Be6 18. Qd4 Rfd8 19. Qe5 f6 20. Qc3 Qf7 21. Rfd1
Rab8 22. Rxd8+ Rxd8 23. Qe3 Qd7 24. h4 Bf7 25. Rc1 Na2 26. Ra1 Qd2 27. Rb1 Qxe3
28. fxe3 Rd6 29. Kf2 g5 30. Ra1 c3 31. bxc3 Nxc3 32. Rc1 Nxa4 33. Bxc6 Nb2 34.
Nb5 Rd1 35. Rc2 Rb1 36. Nc3 Nd1+ 37. Nxd1 Rxd1 38. hxg5 fxg5 39. Rc5 Ra1 40. Bd5
a4 41. Bxf7+ Kxf7 42. Rxc7+ Kg6 43. g4 a3 44. Rc6+ Kf7 45. Rc7+ Ke6 46. Rxh7 Rb1
47. Ra7 Rb3 48. Ra5 1/2-1/2

[Event "Open Portugal 2019"]
[Site "Lisboa POR"]
[Date "2019.02.05"]
[Round "5.6"]
[White "Martín Duque, Jesus"]
[Black "David, Alberto"]
[Result "0-1"]
[WhiteElo "2393"]
[BlackElo "2560"]
[WhiteFideId "2208954"]
[BlackFideId "4000013"]
[WhiteTitle "FM"]
[BlackTitle "GM"]
[WhiteCountry "ESP"]
[BlackCountry "ITA"]
[PlyCount "64"]
[EventDate "2019.??.??"]

1. e4 c5 2. Nf3 e6 3. c3 d5 4. e5 Nc6 5. d4 Bd7 6. a3 Rc8 7. b4 cxd4 8. cxd4 Nh6
9. Bd3 Nf5 10. Bxf5 exf5 11. O-O Be7 12. Qd3 g5 13. Nc3 Be6 14. Bd2 f4 15. Rfc1
Qd7 16. Na4 Bf5 17. Qc3 O-O 18. Nc5 Qe8 19. Qb2 b6 20. Nb3 Nd8 21. Rxc8 Bxc8 22.
a4 Bf5 23. Ne1 Ne6 24. b5 f6 25. Nc2 Qh5 26. Nb4 Bxb4 27. Bxb4 f3 28. Nd2 fxg2
29. Bxf8 Nf4 30. f3 g4 31. Qa3 g3 32. hxg3 Nd3 0-1

[Event "Open Portugal 2019"]
[Site "Lisboa POR"]
[Date "2019.02.05"]
[Round "5.7"]
[White "Low, Zhen Yu Cyrus"]
[Black "Jakubowski, Krzystof"]
[Result "1-0"]
[WhiteElo "2377"]
[BlackElo "2514"]
[WhiteFideId "5804175"]
[BlackFideId "1112848"]
[WhiteTitle "IM"]
[BlackTitle "GM"]
[WhiteCountry "SGP"]
[BlackCountry "POL"]
[PlyCount "91"]
[EventDate "2019.??.??"]

1. e4 c5 2. Nf3 d6 3. d4 cxd4 4. Nxd4 Nf6 5. Nc3 a6 6. g3 Bg4 7. f3 Bd7 8. Be3
e6 9. g4 Be7 10. Qd2 b5 11. a3 O-O 12. g5 Nh5 13. Bh3 g6 14. Bg4 Ng7 15. O-O-O
b4 16. axb4 a5 17. b5 a4 18. h4 Qa5 19. Nb1 Qc7 20. h5 a3 21. Nxa3 d5 22. Nb1
dxe4 23. hxg6 fxg6 24. Nxe6 Bxe6 25. Bxe6+ Nxe6 26. Qd5 Qc8 27. Qxa8 Rxf3 28.
Bd2 Nc5 29. Qd5+ Qe6 30. Nc3 Rf5 31. Qxe6+ Nxe6 32. Nxe4 Rxb5 33. Rde1 Rb6 34.
c3 Nd7 35. Kc2 Ng7 36. b4 Nf5 37. Ra1 Rb7 38. Ra8+ Nf8 39. Bf4 Kf7 40. Be5 Rb6
41. Bf6 Re6 42. Bxe7 Rxe7 43. Nf6 Kg7 44. Kb3 Nd6 45. Rd8 Nf7 46. Rxh7+ 1-0

[Event "Open Portugal 2019"]
[Site "Lisboa POR"]
[Date "2019.02.05"]
[Round "5.8"]
[White "Kaasen, Tor Fredrik"]
[Black "Spraggett, Kevin"]
[Result "1-0"]
[WhiteElo "2387"]
[BlackElo "2513"]
[WhiteFideId "1516647"]
[BlackFideId "2600013"]
[WhiteTitle "IM"]
[BlackTitle "GM"]
[WhiteCountry "NOR"]
[BlackCountry "CAN"]
[PlyCount "57"]
[EventDate "2019.??.??"]

1. c4 e6 2. g3 f5 3. Bg2 Nf6 4. b3 d5 5. Bb2 Bd6 6. Nf3 O-O 7. O-O c6 8. d3 f4
9. e3 fxg3 10. hxg3 Qe7 11. Ne5 a5 12. a3 Bd7 13. Nd2 Be8 14. f4 Bh5 15. Bf3
Bxf3 16. Ndxf3 Nbd7 17. Qe2 Bc5 18. Kg2 Rfd8 19. Rh1 Nf8 20. Rh3 Rac8 21. g4
N6d7 22. g5 b5 23. Nxd7 Rxd7 24. Ne5 Rb7 25. Rah1 Qe8 26. Qg4 bxc4 27. g6 h6 28.
Nf7 Rxb3 29. Be5 1-0

[Event "Open Portugal 2019"]
[Site "Lisboa POR"]
[Date "2019.02.05"]
[Round "5.9"]
[White "Bilgüün, Sumiya"]
[Black "Korley, Kassa"]
[Result "0-1"]
[WhiteElo "2471"]
[BlackElo "2426"]
[WhiteFideId "4901541"]
[BlackFideId "2033801"]
[WhiteTitle "IM"]
[BlackTitle "IM"]
[WhiteCountry "MGL"]
[BlackCountry "DEN"]
[PlyCount "76"]
[EventDate "2019.??.??"]

1. e4 e6 2. Qe2 c5 3. Nf3 Nc6 4. g3 g6 5. Bg2 Bg7 6. O-O Nge7 7. d3 O-O 8. c3 d6
9. Rd1 Qc7 10. Na3 a6 11. d4 b5 12. Be3 cxd4 13. cxd4 Bb7 14. Rac1 Qd7 15. h4 f5
16. Ng5 fxe4 17. Bxe4 h6 18. Nf3 Nd8 19. Nd2 Nf5 20. Nc2 Rc8 21. Qg4 Qf7 22.
Bxb7 Nxb7 23. Qe2 Na5 24. Qd3 Nc4 25. Nxc4 bxc4 26. Qe2 d5 27. Ne1 Rce8 28. Ng2
g5 29. hxg5 hxg5 30. Rc2 Qg6 31. Rcd2 Nd6 32. Qg4 Ne4 33. Re2 Qf5 34. Qh5 Re7
35. Bc1 Nxf2 36. Rde1 Bxd4 37. Ne3 Ng4 38. Kg2 Qf3+ 0-1

[Event "Open Portugal 2019"]
[Site "Lisboa POR"]
[Date "2019.02.05"]
[Round "5.10"]
[White "Sousa, Ludy"]
[Black "Butkiewicz, Lukasz"]
[Result "1/2-1/2"]
[WhiteElo "2169"]
[BlackElo "2445"]
[WhiteFideId "1504134"]
[BlackFideId "1122428"]
[WhiteTitle "CM"]
[BlackTitle "IM"]
[WhiteCountry "NOR"]
[BlackCountry "POL"]
[PlyCount "84"]
[EventDate "2019.??.??"]

1. e4 c5 2. Nf3 Nc6 3. d4 cxd4 4. Nxd4 g6 5. Nc3 Bg7 6. Be3 Nf6 7. Nb3 d6 8. f3
Be6 9. g4 d5 10. g5 Nxe4 11. fxe4 d4 12. Nxd4 Bxd4 13. Bxd4 Qxd4 14. Qxd4 Nxd4
15. O-O-O O-O-O 16. Nd5 Nc6 17. Bb5 Bxd5 18. exd5 Ne5 19. Rhe1 f6 20. d6 Rxd6
21. Rxd6 exd6 22. gxf6 Rf8 23. Rf1 Kd8 24. Ba4 Ng4 25. f7 Ne5 26. Bb3 Ke7 27.
Re1 g5 28. Re3 g4 29. Rc3 Kd7 30. Bd5 Nxf7 31. Ra3 Nd8 32. h3 Rf1+ 33. Kd2 Rf2+
34. Ke1 Rxc2 35. hxg4 Rh2 36. Rxa7 Rxb2 37. Ra3 Rh2 38. Kf1 Nc6 39. Rf3 Kc7 40.
Rf7+ Kb6 41. g5 Rh4 42. Rg7 Ne5 1/2-1/2

[Event "Open Portugal 2019"]
[Site "Lisboa POR"]
[Date "2019.02.05"]
[Round "5.11"]
[White "Kowalski, Igor"]
[Black "Christiansen, Johan-Sebastian"]
[Result "1/2-1/2"]
[WhiteElo "2296"]
[BlackElo "2559"]
[WhiteFideId "1172468"]
[BlackFideId "1512668"]
[WhiteTitle "FM"]
[BlackTitle "GM"]
[WhiteCountry "POL"]
[BlackCountry "NOR"]
[PlyCount "218"]
[EventDate "2019.??.??"]

1. d4 Nf6 2. c4 e6 3. Nf3 d5 4. Nc3 Bb4 5. Bg5 Nbd7 6. cxd5 exd5 7. Qc2 c6 8. a3
Bd6 9. e3 O-O 10. Bd3 h6 11. Bh4 Re8 12. O-O Nf8 13. b4 Bg4 14. Nd2 a6 15. Nb3
Bh5 16. Bg3 Bxg3 17. hxg3 Bg6 18. Ne2 Bxd3 19. Qxd3 Ne4 20. Nc5 Nd6 21. Nf4 Nh7
22. a4 Nf6 23. Rfe1 a5 24. b5 b6 25. Na6 cxb5 26. axb5 Qd7 27. Rab1 Rec8 28. Qb3
Nc4 29. Re2 Ne4 30. Rd1 g5 31. Nd3 Ncd6 32. Rb2 Nc3 33. Nac5 bxc5 34. Qxc3 Ne4
35. Qa3 cxd4 36. Ne5 Qe6 37. exd4 Rc3 38. Qa1 a4 39. Ra2 Rcc8 40. Nc6 Kg7 41.
Re1 Qf6 42. Re3 g4 43. Qe1 Nd6 44. Ne7 Re8 45. Nxd5 Qxd4 46. Rd2 Rxe3 47. Nxe3
Qc3 48. Nd5 Re8 49. Qd1 Qe5 50. Ne3 Ne4 51. Qxg4+ Kh8 52. Rd5 Qf6 53. Qf4 Qxf4
54. gxf4 a3 55. b6 Nc3 56. Ra5 a2 57. Nc2 Rb8 58. Ra6 Kg7 59. Kh2 Rb7 60. Kg3 h5
61. Kf3 Rd7 62. g3 Rb7 63. Ke3 Rxb6 64. Ra3 Rb2 65. Kd3 Nb1 66. Ra5 Rb3+ 67. Kd4
Rb2 68. Kd3 Rb3+ 69. Kd4 Na3 70. Na1 Rb1 71. Rxa3 Rxa1 72. Kc3 Kf6 73. Kb2 Rf1
74. Kxa2 Rxf2+ 75. Kb1 Kf5 76. Ra5+ Kg4 77. Rg5+ Kf3 78. Kc1 Rh2 79. Kd1 h4 80.
gxh4 Rxh4 81. f5 Rg4 82. Rh5 Re4 83. Rh7 Re7 84. f6 Ra7 85. Rg7 Ke3 86. Rh7 Kf4
87. Ke2 Kg5 88. Kf3 Kxf6 89. Rh5 Kg6 90. Rb5 Ra4 91. Rc5 f6 92. Rb5 Ra1 93. Kf4
Rh1 94. Ra5 Rh4+ 95. Kg3 Re4 96. Kf3 Re5 97. Rxe5 fxe5 98. Ke4 Kf6 99. Ke3 Kf5
100. Kf3 e4+ 101. Ke3 Ke5 102. Ke2 Kf4 103. Kf2 e3+ 104. Ke2 Ke4 105. Ke1 Kd4
106. Ke2 Ke4 107. Ke1 Kf3 108. Kf1 e2+ 109. Ke1 Ke3 1/2-1/2

[Event "Open Portugal 2019"]
[Site "Lisboa POR"]
[Date "2019.02.05"]
[Round "5.12"]
[White "Annaberdiev, Meilis"]
[Black "Bartel, Michal"]
[Result "1-0"]
[WhiteElo "2522"]
[BlackElo "2306"]
[WhiteFideId "14000563"]
[BlackFideId "1119257"]
[WhiteTitle "IM"]
[BlackTitle "FM"]
[WhiteCountry "TKM"]
[BlackCountry "POL"]
[PlyCount "57"]
[EventDate "2019.??.??"]

1. d4 d5 2. Nf3 a6 3. Bg5 Nf6 4. Nbd2 e6 5. e4 dxe4 6. Nxe4 Nbd7 7. Nxf6+ Nxf6
8. c3 c5 9. Ne5 Be7 10. dxc5 Qxd1+ 11. Rxd1 Bxc5 12. Be2 h6 13. Bh4 O-O 14. Bf3
Ra7 15. b4 Be7 16. O-O Rd8 17. c4 Kf8 18. Rxd8+ Bxd8 19. Rd1 Be7 20. c5 Ke8 21.
Nc4 e5 22. Bxf6 gxf6 23. a4 Bd7 24. Nb6 Be6 25. a5 Bd8 26. g4 f5 27. gxf5 Bxf5
28. Bd5 Bc7 29. f3 1-0

[Event "Open Portugal 2019"]
[Site "Lisboa POR"]
[Date "2019.02.05"]
[Round "5.13"]
[White "Dvirnyy, Danyyil"]
[Black "Sörensen, Hampus"]
[Result "1/2-1/2"]
[WhiteElo "2487"]
[BlackElo "2289"]
[WhiteFideId "817570"]
[BlackFideId "8703884"]
[WhiteTitle "GM"]
[WhiteCountry "ITA"]
[BlackCountry "SWE"]
[PlyCount "122"]
[EventDate "2019.??.??"]

1. Nf3 d5 2. d4 Nf6 3. c4 c6 4. Nc3 e6 5. g3 dxc4 6. Bg2 b5 7. O-O Bb7 8. Ne5
Qc8 9. b3 cxb3 10. Qxb3 Nbd7 11. Ba3 b4 12. Nxd7 Nxd7 13. Bxb4 c5 14. Ba5 Bxg2
15. Kxg2 Be7 16. d5 O-O 17. dxe6 Qc6+ 18. Qd5 Qxe6 19. Qxe6 fxe6 20. Nb5 Kf7 21.
Rfd1 Nb6 22. Rac1 Nd5 23. Rc4 Rfb8 24. a4 a6 25. Nc3 Rb2 26. Kf1 Nf6 27. Ne4
Nxe4 28. Rxe4 Rab8 29. Rd7 R8b7 30. Rd3 Rb1+ 31. Kg2 R7b3 32. Rd7 Rb7 33. Rxb7
Rxb7 34. Kf3 Bd6 35. Ke3 e5 36. Bc3 Rb3 37. Kd2 Ke6 38. Kc2 Rb7 39. Rc4 Kd5 40.
Kd3 Rb1 41. e4+ Kc6 42. Bd2 g6 43. Bc1 Rb3+ 44. Kc2 Rb7 45. Bd2 Rf7 46. Be3 Rf8
47. Rc3 g5 48. h3 h5 49. Rb3 g4 50. Rb1 Rb8 51. Rxb8 Bxb8 52. hxg4 hxg4 53. Kd3
Bc7 54. Kc4 Bd6 55. Bg5 Bf8 56. Be3 Bd6 57. Kd3 Kd7 58. Bc1 Bf8 59. Bb2 Bd6 60.
Kd2 Ke7 61. Kd3 Kd7 1/2-1/2